00506nam a2200193 a 4500001001300000003000900013005001700022008004100039020001000080082001300090100001800103245006300121260004300184300000900227500003500236505001000271650001300281700001800294nice12345678IN_TiNIC20260116012554.0080418s1976 boma grp 000 0 eng  ac12500a190bGAG aGage, Richard aChoose Lifeb A Dialogue: Arnold Toynbee and Daisaku Ikeda aBombay bOxford University Pressc1976 a348p aincludes index and biblioraphy2 aindex aHumanism1 aGage, Richard